Analýza inštitucionálnych faktorov vývoja ekonomiky poľnohospodárstva SR

Salvato in:
Dettagli Bibliografici
Autore principale: Chrastinová, Zuzana
Altri autori: Ďuričová, Ivona
Natura: Libro
Lingua:slovacco
Pubblicazione: Bratislava Výskumný ústav ekonomiky poľnohospodárstva a potravinárstva 2007
Serie:Štúdia č. 121/2007
Soggetti:
Tags: Aggiungi Tag
Nessun Tag, puoi essere il primo ad aggiungerne!!

MARC

LEADER 00000nam$a2200000$$$4500
001 0060371
005 20240223110029.2
020 |a 978-80-8058-455-9 
041 0 |a slo 
044 |a SK 
245 1 0 |a Analýza inštitucionálnych faktorov vývoja ekonomiky poľnohospodárstva SR  |c Zuzana Chrastinová, Ivona Ďuričová 
264 1 |a Bratislava  |b Výskumný ústav ekonomiky poľnohospodárstva a potravinárstva  |c 2007 
300 |a 73 s. 
490 1 |a Štúdia  |v č. 121/2007 
830 0 |a Štúdia  |v č. 121/2007 
610 2 0 |a poľnohospodárstvo 
610 2 0 |a vývoj 
610 2 0 |a integrácia ekonomická medzinárodná 
610 2 0 |a analýzy 
610 2 0 |a ukazovatele makroekonomické 
610 2 0 |a ukazovatele štatistické 
610 2 0 |a efektívnosť ekonomická 
610 2 0 |a výsledok hospodársky 
610 2 0 |a podpora podnikania 
610 2 0 |a podnik poľnohospodársky 
610 2 0 |a metódy indexné 
610 2 0 |a Slovensko 
100 1 |a Chrastinová, Zuzana 
700 1 |a Ďuričová, Ivona